000 00318nam a2200133Ia 4500
008 230917s9999||||xx |||||||||||||| ||und||
040 _e157691
_aMAIN
041 _aEnglish
082 _a970 H782H
245 0 _aHorizon. 3 (3); 1961
260 _aNew York
_bAmerican Heritage
_c1961
300 _a130 p.
942 _cBK
999 _c233119
_d233119